00497nam a2200169 a 450008200160000010000230001624500180003926000390005730000090009650000350010550500210014065000260016170000230018794200070021095200950021799900150031200a304.66bMAU aMaududi, Abul A`La aBirth Control aLahorebIslamic Publicationsc1976 a182p aincludes index and biblioraphy2 abibl, Ref. Index aFamily-Planning Islam1 aMaududi, Abul A`La cBK 00104070aHMIbHMId2007-03-20g12.50l0o304.66 MAUp09284r2007-03-20w2026-01-16yEB c4914d4914